000 00460nab a22001457 4500
003 ES-SlBCS
005 20220121144536.0
008 181008s2018 sp ||||| |||| 00| 0 spa d
040 _aES-SlBCS
_bspa
041 _aspa
100 1 _aAutiero, Antonio
_97217
245 1 0 _aCincuenta años despuñes de la Humanae vitae. El sentido de un aniversario
_cAntonio Autiero
773 0 _gNúm. 377, 2018, págs. 151-154
_tConcilium
_wRev134
_x0210-1041
942 _2lcc
_cAR
999 _c476519
_d476519